Riconosci la Stato degli Stati Uniti - Quiz n°4 - Statistics

Statistiche generali
  • Questo quiz è stato fatto 11 volte
  • Il punteggio medio è 6 su 10
Statistiche sulle risposte
Indizio Risposta % Corretto
Popolazione 2 096 829 ab.
90%
Iniziale della Capitale S
90%
Numero stati confinanti 5
70%
Fuso orario UTC-7
70%
Superficie 315 194 km²
60%
Rappresentanza parlamentare 3 Rappresentanti: 3 D 2 Senatori: Martin Heinrich (D), Ben Ray Luján (D)
40%
Data di istituzione 6 gennaio 1912
40%
Numero contee 33
30%
Altitudine 867 - 4 013 m s.l.m.
30%
Stato federale Nuovo Messico
30%
Nessun quiz corrispondente trovato
Distribuzione punteggi
Percentuale di utenti per punteggio
Percentile per numero di risposta
I tuoi punteggi nel tempo
Non hai fatto questo quiz